000
00279nam a2200121Ia 4500
008
230907s9999||||xx |||||||||||||| ||und||
082
_a
670.42
_b
BOY,
100
_a
Boyer, Stuart A.
_9
114572
245
0
_a
SCADA :
260
_a
ISA
_b
USA
_c
2010
300
_a
ix,257p.
942
_c
BK
999
_c
596053
_d
596053